Strategické plánovanie v sociálnych službách
Dôležitosť strategického riadenia a strategického plánovania v oblasti sociálnych služieb. Poslanie, vízia a strategické ciele v sociálnych službách. Plán ako súčasť stratégie. Stratégia ako model správania sa. Stratégia v zmysle pozície. Stratégia ako charakter organizácie. Stratégia poskytovania s...
Uložené v:
| Hlavný autor: | |
|---|---|
| Ďalší autori: | |
| Médium: | Kapitola |
| Jazyk: | Slovak |
| Predmet: | |
| Tagy: |
Žiadne tagy, Buďte prvý, kto otaguje tento záznam!
|
MARC
| LEADER | 00000naa a2200000 4500 | ||
|---|---|---|---|
| 001 | 0250189 | ||
| 005 | 20190116110320.5 | ||
| 041 | 0 | |a slo | |
| 044 | |a SK | ||
| 245 | 1 | 0 | |a Strategické plánovanie v sociálnych službách |c Mária Kovaľová, Ondrej Buzala |
| 520 | |a Dôležitosť strategického riadenia a strategického plánovania v oblasti sociálnych služieb. Poslanie, vízia a strategické ciele v sociálnych službách. Plán ako súčasť stratégie. Stratégia ako model správania sa. Stratégia v zmysle pozície. Stratégia ako charakter organizácie. Stratégia poskytovania služieb. Prierezové, resp. horizontálne stratégie. Strategická analýza. Nastavenie strategického smeru. Plánovanie akcií. | ||
| 610 | 2 | 0 | |a riadenie strategické |
| 610 | 2 | 0 | |a plán strategický |
| 610 | 2 | 0 | |a služby sociálne |
| 100 | 1 | |a Kovaľová, Mária | |
| 700 | 1 | |a Buzala, Ondrej | |